01637cam a22003737a 4500003000500000005001700005008004100022010001000063011001000073035001100083040000900094090001000103100003400113245016200147260004100309300001100350502013000361590003700491590004100528590004100569590004100610590004200651650004300693650004200736700003700778901000700815905002900822942000900851949005300860949006300913999001700976952014000993952013001133CHAP20220329142839.0040817d2003 mx r 00110 spa d a88665 a89637 a100188 cCHAP aTesis00aMeza Espejo, Maximino.97532110aAnálisis del mercado nacional e internacional de los productos orgánicos, perspectivas para Méxicoc/por Maximino Meza Espejo y Julio Quintero Figueroa aChapingo, Méx. :bEl autor,c2003. a106 h. aTesis (Lic. en Comercio Internacional de Productos Agropecuarios) -- UACH. División de Ciencias Económico Administrativas aALEPHb10c20130110lUCH01h1500 aBATCH-UPDb10c20130110lUCH01h0740 aBATCH-UPDb10c20130410lUCH01h0422 aBATCH-UPDb10c20130914lUCH01h0205 aCONVERSIONb10c20130109lUCH01h134914aAlimentos orgánicosxMercadeo.9431914aAlimentosxAspectos economicos.9417000aQuintero Figueroa, Julio.993419 aBK aMayto Villalobos Santana cFOLL aTesisbBCcTESd100188123eTS1h42369i100188sb aTesisbBCcTESd33724000927950eTS2fc.2h42370i100188sb c88665d88665 00102local4053708TESISaBCbBCcPA_TESISd2019-12-31fTESISl0oTesisp33724000927950r2019-12-31 00:00:00tc.2w2019-12-31yTESIS 00102local4051708TESISaBCbBCcPA_TESISd2019-12-31fTESISl0oTesisp100188123r2019-12-31 00:00:00w2019-12-31yTESIS